| 000 | 00677nam a2200205 4500 | ||
|---|---|---|---|
| 001 | 110202 | ||
| 003 | ES-MaACL | ||
| 005 | 20260124063016.0 | ||
| 007 | t| | ||
| 008 | 061121s1977 sp r ||||1| spa d | ||
| 100 | 1 |
_aMoles, Abraham A., _d1920-1992 _981863 |
|
| 245 | 1 | 0 |
_aCreatividad y métodos de innovación / _cAbraham Moles, Roland Caude. |
| 260 |
_aMadrid : _bIbérico Europea de Ed., _c1977. |
||
| 300 |
_a248 p. : _bil. ; _c20 cm. |
||
| 490 | 1 | _aBiblioteca de la comunicación del Ciac | |
| 700 | 1 |
_aCaude, Roland. _937099 |
|
| 830 | 0 |
_aBiblioteca de la comunicación del Ciac _9185615 |
|
| 852 |
_aES-MaACL _jA-8089 _bR.97266 |
||
| 999 |
_c110202 _d110202 |
||